[Event "DEM U10w 2024"]
[Site "Willingen GER"]
[Date "2024.05.24"]
[Round "10"]
[White "Seitov, Adela"]
[Black "He, Siqi"]
[Result "1-0"]
[Termination "normal"]
[Board "18"]
[WhiteElo "923"]
[BlackElo "907"]
[WhiteClock "01:20:57"]
[BlackClock "01:18:13"]
[PlyCount "65"]
[WhiteFideId "34675140"]
[BlackFideId "34682708"]
[EventCountry "GER"]
[EventRounds "11"]
[EventType "swiss"]
[EventDate "2024.05.18"]

1. e4 {[%clk 01:15:59]} e5 {[%clk 01:15:55]} {[%emt 00:00:05]} 2. Nf3 {[%clk
01:16:23]} {[%emt 00:00:06]} Nc6 {[%clk 01:16:22]} {[%emt 00:00:04]} 3. Bc4
{[%clk 01:16:42]} {[%emt 00:00:10]} Bc5 {[%clk 01:16:46]} {[%emt 00:00:06]} 4.
Nc3 {[%clk 01:17:08]} {[%emt 00:00:04]} d6 {[%clk 01:16:59]} {[%emt 00:00:18]}
5. d3 {[%clk 01:17:33]} {[%emt 00:00:05]} Nf6 {[%clk 01:17:23]} {[%emt
00:00:05]} 6. Bg5 {[%clk 01:17:57]} {[%emt 00:00:06]} h6 {[%clk 01:17:46]}
{[%emt 00:00:07]} 7. Bxf6 {[%clk 01:18:21]} {[%emt 00:00:06]} Qxf6 {[%clk
01:18:03]} {[%emt 00:00:13]} 8. Nd5 {[%clk 01:18:40]} {[%emt 00:00:11]} Qg6
{[%clk 01:17:57]} {[%emt 00:00:28]} 9. O-O {[%clk 01:18:47]} {[%emt 00:00:31]}
Bh3 {[%clk 01:18:12]} {[%emt 00:00:15]} 10. g3 {[%clk 01:19:02]} {[%emt
00:00:16]} Bxf1 {[%clk 01:18:35]} {[%emt 00:00:05]} 11. Kxf1 {[%clk 01:19:24]}
{[%emt 00:00:09]} Rc8 {[%clk 01:18:32]} {[%emt 00:00:30]} 12. Nh4 {[%clk
01:19:32]} {[%emt 00:00:24]} Qg5 {[%clk 01:18:19]} {[%emt 00:00:42]} 13. Nf3
{[%clk 01:19:07]} {[%emt 00:00:57]} Qg4 {[%clk 01:18:19]} {[%emt 00:00:28]} 14.
b4 {[%clk 01:18:38]} {[%emt 00:01:01]} Bd4 {[%clk 01:18:10]} {[%emt 00:00:39]}
15. Nxd4 {[%clk 01:18:55]} {[%emt 00:00:13]} exd4 {[%clk 01:18:16]} {[%emt
00:00:20]} 16. Qxg4 {[%clk 01:19:18]} {[%emt 00:00:11]} O-O {[%clk 01:18:26]}
{[%emt 00:00:20]} 17. b5 {[%clk 01:19:24]} {[%emt 00:00:25]} Ne5 {[%clk
01:18:21]} {[%emt 00:00:34]} 18. Qf4 {[%clk 01:19:26]} {[%emt 00:00:28]} c6
{[%clk 01:18:26]} {[%emt 00:00:25]} 19. Ne7+ {[%clk 01:19:49]} {[%emt
00:00:07]} Kh8 {[%clk 01:18:34]} {[%emt 00:00:21]} 20. Nxc8 {[%clk 01:20:16]}
{[%emt 00:00:05]} Nxc4 {[%clk 01:18:32]} {[%emt 00:00:32]} 21. dxc4 {[%clk
01:20:16]} {[%emt 00:00:29]} Rxc8 {[%clk 01:18:54]} {[%emt 00:00:08]} 22. bxc6
{[%clk 01:20:28]} {[%emt 00:00:19]} Rxc6 {[%emt 00:00:43]} 23. Qxf7 {[%clk
01:20:21]} {[%emt 00:00:02]} Rb6 {[%clk 01:18:50]} {[%emt 00:00:55]} 24. c5
{[%clk 01:20:28]} {[%emt 00:00:24]} dxc5 {[%clk 01:19:00]} {[%emt 00:00:19]}
25. e5 {[%clk 01:20:39]} {[%emt 00:00:20]} Kh7 {[%clk 01:18:20]} {[%emt
00:01:07]} 26. e6 {[%clk 01:20:59]} {[%emt 00:00:13]} a5 {[%clk 01:17:53]}
{[%emt 00:00:55]} 27. e7 {[%clk 01:20:08]} Rf6 {[%clk 01:18:15]} {[%emt
00:01:30]} 28. e8=Q {[%clk 01:20:05]} Rxf7 {[%clk 01:18:15]} 29. Qxf7 {[%clk
01:20:05]} b5 {[%clk 01:18:37]} {[%emt 00:01:26]} 30. c4 {[%clk 01:20:39]} b4
{[%clk 01:19:00]} {[%emt 00:00:22]} 31. Re1 Kh8 32. Te8+ 1-0

[Event "DEM U10w 2024"]
[Site "Willingen GER"]
[Date "2024.05.24"]
[Round "10"]
[White "Seyedfakhari, Elena"]
[Black "Malan, Benita Helena"]
[Result "1-0"]
[Termination "normal"]
[Board "19"]
[WhiteElo "1060"]
[BlackElo "738"]
[WhiteClock "01:14:32"]
[BlackClock "01:11:13"]
[PlyCount "49"]
[WhiteFideId "34639888"]
[EventCountry "GER"]
[EventRounds "11"]
[EventType "swiss"]
[EventDate "2024.05.18"]

1. e4 {[%clk 01:15:59]} {[%emt 04:02:39]} e5 {[%clk 01:15:53]} {[%emt
00:00:07]} 2. Nf3 {[%clk 01:16:21]} {[%emt 00:00:08]} Nc6 {[%clk 01:16:14]}
{[%emt 00:00:09]} 3. Nc3 {[%clk 01:16:36]} {[%emt 00:00:15]} Nf6 {[%clk
01:15:42]} {[%emt 00:01:02]} 4. d4 {[%clk 01:16:52]} {[%emt 00:00:15]} d6
{[%clk 01:15:50]} {[%emt 00:00:21]} 5. h3 {[%clk 01:16:50]} {[%emt 00:00:32]}
Be7 {[%clk 01:16:04]} {[%emt 00:00:16]} 6. Bc4 {[%clk 01:16:36]} {[%emt
00:00:44]} O-O {[%clk 01:16:16]} {[%emt 00:00:16]} 7. O-O {[%clk 01:16:58]}
{[%emt 00:00:10]} Be6 {[%clk 01:15:52]} {[%emt 00:00:54]} 8. d5 {[%clk
01:17:08]} {[%emt 00:00:20]} Bd7 {[%clk 01:14:16]} {[%emt 00:02:02]} 9. dxc6
{[%clk 01:17:23]} {[%emt 00:00:18]} Bxc6 {[%clk 01:14:09]} {[%emt 00:00:37]}
10. Re1 {[%clk 01:17:11]} {[%emt 00:00:42]} d5 {[%clk 01:14:10]} {[%emt
00:00:29]} 11. exd5 {[%clk 01:17:21]} {[%emt 00:00:21]} Nxd5 {[%clk 01:14:05]}
{[%emt 00:00:32]} 12. Nxd5 {[%clk 01:17:32]} {[%emt 00:00:22]} Bc5 {[%clk
01:13:43]} {[%emt 00:00:51]} 13. Nxe5 {[%clk 01:17:14]} {[%emt 00:00:48]} Qh4
{[%clk 01:13:31]} {[%emt 00:00:42]} 14. Be3 {[%clk 01:16:50]} {[%emt 00:00:52]}
b6 {[%clk 01:13:42]} {[%emt 00:00:22]} 15. Bxc5 {[%clk 01:17:00]} {[%emt
00:00:20]} bxc5 {[%clk 01:14:01]} {[%emt 00:00:11]} 16. Nxc6 {[%clk 01:17:17]}
{[%emt 00:00:13]} Qxc4 {[%clk 01:13:53]} {[%emt 00:00:38]} 17. b3 {[%clk
01:16:11]} {[%emt 00:01:36]} Qb5 {[%clk 01:14:07]} {[%emt 00:00:15]} 18. Nce7+
{[%clk 01:15:49]} {[%emt 00:00:51]} Kh8 {[%clk 01:14:19]} {[%emt 00:00:19]} 19.
Nxc7 {[%clk 01:15:55]} {[%emt 00:00:24]} Qb8 {[%clk 01:14:00]} {[%emt
00:00:48]} 20. Nxa8 {[%clk 01:16:04]} {[%emt 00:00:22]} Qxa8 {[%clk 01:14:21]}
{[%emt 00:00:09]} 21. Nf5 {[%clk 01:15:42]} {[%emt 00:00:49]} Rb8 {[%clk
01:14:23]} {[%emt 00:00:30]} 22. Qg4 {[%clk 01:15:39]} {[%emt 00:00:29]} g6
{[%clk 01:14:40]} {[%emt 00:00:18]} 23. Nh6 {[%clk 01:14:55]} {[%emt 00:01:13]}
f5 {[%clk 01:14:53]} {[%emt 00:00:18]} 24. Qg5 {[%clk 01:14:50]} {[%emt
00:00:32]} a5 {[%clk 01:11:13]} {[%emt 00:04:13]} 25. Qf6# {[%clk 01:14:32]}
{[%emt 00:00:13]} 1-0

[Event "DEM U10w 2024"]
[Site "Willingen GER"]
[Date "2024.05.24"]
[Round "10"]
[White "Fahim, Lina"]
[Black "Yamshchikova, Oleksandra"]
[Result "0-1"]
[Termination "normal"]
[Board "20"]
[WhiteElo "744"]
[BlackElo "1032"]
[WhiteClock "01:08:44"]
[BlackClock "01:10:42"]
[PlyCount "67"]
[WhiteFideId "34171118"]
[BlackFideId "533004820"]
[EventCountry "GER"]
[EventRounds "11"]
[EventType "swiss"]
[EventDate "2024.05.18"]

1. e4 {[%clk 01:15:58]} {[%emt 00:00:01]} e5 {[%clk 01:15:54]} {[%emt
00:00:06]} 2. Nf3 {[%clk 01:16:19]} {[%emt 00:00:09]} Nc6 {[%clk 01:16:18]}
{[%emt 00:00:06]} 3. Bc4 {[%clk 01:16:39]} {[%emt 00:00:10]} Bc5 {[%clk
01:16:37]} {[%emt 00:00:10]} 4. d3 {[%clk 01:16:45]} {[%emt 00:00:25]} d6
{[%clk 01:16:50]} {[%emt 00:00:17]} 5. Be3 {[%clk 01:16:58]} {[%emt 00:00:17]}
Nf6 {[%clk 01:16:50]} {[%emt 00:00:31]} 6. Nc3 {[%clk 01:16:42]} {[%emt
00:00:44]} O-O {[%clk 01:17:02]} {[%emt 00:00:19]} 7. O-O {[%clk 01:16:50]}
{[%emt 00:00:23]} Bg4 {[%clk 01:17:10]} {[%emt 00:00:21]} 8. h3 {[%clk
01:16:45]} {[%emt 00:00:35]} Bh5 {[%clk 01:17:32]} {[%emt 00:00:08]} 9. Bg5
{[%clk 01:16:10]} {[%emt 00:01:05]} h6 {[%clk 01:17:04]} {[%emt 00:00:58]} 10.
Bh4 {[%clk 01:16:30]} {[%emt 00:00:09]} Nd4 {[%clk 01:16:44]} {[%emt 00:00:51]}
11. a3 {[%clk 01:14:23]} {[%emt 00:02:38]} Qd7 {[%clk 01:16:12]} {[%emt
00:01:01]} 12. Bxf6 {[%clk 01:13:05]} {[%emt 00:01:48]} gxf6 {[%clk 01:12:57]}
{[%emt 00:02:24]} 13. Nxe5 {[%clk 01:12:27]} {[%emt 00:02:28]} Bxd1 {[%clk
01:11:48]} {[%emt 00:01:39]} 14. Nxd7 {[%clk 01:12:40]} {[%emt 00:00:17]} Rfe8
{[%clk 01:11:02]} {[%emt 00:01:17]} 15. Nxf6+ {[%clk 01:12:25]} {[%emt
00:00:44]} Kf8 {[%clk 01:11:06]} {[%emt 00:00:28]} 16. Nxe8 {[%clk 01:12:40]}
{[%emt 00:00:14]} Kxe8 {[%clk 01:11:28]} {[%emt 00:00:04]} 17. Rfxd1 {[%clk
01:12:45]} {[%emt 00:00:29]} Rd8 {[%clk 01:10:24]} {[%emt 00:01:35]} 18. b4
{[%clk 01:12:41]} {[%emt 00:00:33]} Bb6 {[%clk 01:10:32]} {[%emt 00:00:22]} 19.
Rac1 {[%clk 01:12:33]} {[%emt 00:00:38]} a5 {[%clk 01:10:29]} {[%emt 00:00:33]}
20. Re1 {[%clk 01:12:25]} {[%emt 00:00:38]} c5 {[%clk 01:10:30]} {[%emt
00:00:29]} 21. b5 {[%clk 01:10:22]} {[%emt 00:02:32]} Rd7 {[%clk 01:10:34]}
{[%emt 00:00:27]} 22. a4 {[%clk 01:10:29]} {[%emt 00:00:24]} Re7 {[%clk
01:10:50]} {[%emt 00:00:13]} 23. Nd5 {[%clk 01:10:29]} {[%emt 00:00:28]} Re5
{[%clk 01:10:46]} {[%emt 00:00:34]} 24. Nxb6 {[%clk 01:10:38]} {[%emt
00:00:23]} Rg5 {[%clk 01:10:58]} {[%emt 00:00:17]} 25. Re3 {[%emt 00:01:46]}
Nf3+ {[%clk 01:09:59]} {[%emt 00:00:17]} 26. Rxf3 {[%clk 01:10:48]} {[%emt
00:00:16]} Rh5 {[%clk 01:09:27]} {[%emt 00:01:03]} 27. Bxf7+ {[%clk 01:10:57]}
{[%emt 00:00:21]} Ke7 {[%clk 01:09:21]} {[%emt 00:00:36]} 28. Bxh5 {[%clk
01:11:12]} {[%emt 00:00:15]} Kd8 {[%clk 01:09:20]} {[%emt 00:00:31]} 29. Rf7
{[%clk 01:10:50]} {[%emt 00:00:51]} Ke8 {[%clk 01:09:12]} {[%emt 00:00:39]} 30.
Rd7+ {[%clk 01:10:48]} {[%emt 00:00:32]} Kf8 {[%clk 01:09:22]} {[%emt
00:00:20]} 31. Re1 {[%clk 01:10:50]} {[%emt 00:00:28]} Kg8 {[%clk 01:09:10]}
{[%emt 00:00:42]} 32. e5 {[%clk 01:10:47]} {[%emt 00:00:34]} dxe5 {[%emt
00:00:46]} 33. Rxe5 {[%clk 01:10:57]} Kf8 {[%clk 01:08:44]} {[%emt 00:00:57]}
34. Re8# {[%clk 01:10:42]} {[%emt 00:00:16]} 1-0

[Event "DEM U10w 2024"]
[Site "Willingen GER"]
[Date "2024.05.24"]
[Round "10"]
[White "Wittmann, Finja-Marie"]
[Black "Pygoch, Lene"]
[Result "0-1"]
[Termination "normal"]
[Board "21"]
[WhiteElo "763"]
[BlackElo "917"]
[WhiteClock "01:20:29"]
[BlackClock "01:15:13"]
[PlyCount "42"]
[WhiteFideId "34673903"]
[BlackFideId "533016496"]
[EventCountry "GER"]
[EventRounds "11"]
[EventType "swiss"]
[EventDate "2024.05.18"]

1. e4 {[%clk 01:15:59]} {[%emt 00:00:01]} e5 {[%clk 01:15:46]} {[%emt
00:00:13]} 2. Nf3 {[%clk 01:16:16]} {[%emt 00:00:13]} Nc6 {[%clk 01:16:06]}
{[%emt 00:00:10]} 3. Bc4 {[%clk 01:16:43]} {[%emt 00:00:05]} Bc5 {[%clk
01:16:27]} {[%emt 00:00:08]} 4. c3 {[%clk 01:17:06]} {[%emt 00:00:07]} Nf6
{[%clk 01:16:46]} {[%emt 00:00:11]} 5. d4 {[%clk 01:17:32]} {[%emt 00:00:04]}
exd4 {[%clk 01:17:08]} {[%emt 00:00:07]} 6. cxd4 {[%clk 01:18:01]} {[%emt
00:00:02]} Bb4+ {[%clk 01:16:48]} {[%emt 00:00:49]} 7. Nbd2 {[%clk 01:18:29]}
{[%emt 00:00:03]} Nxe4 {[%clk 01:15:59]} {[%emt 00:01:18]} 8. O-O {[%clk
01:17:40]} {[%emt 00:01:19]} Nf6 {[%clk 01:16:08]} {[%emt 00:00:21]} 9. Re1+
{[%clk 01:17:58]} {[%emt 00:00:12]} Be7 {[%clk 01:16:19]} {[%emt 00:00:20]} 10.
Ng5 {[%clk 01:18:17]} {[%emt 00:00:11]} O-O {[%clk 01:15:42]} {[%emt 00:01:07]}
11. Nde4 {[%clk 01:18:42]} {[%emt 00:00:05]} Nxe4 {[%clk 01:14:52]} {[%emt
00:01:20]} 12. Rxe4 {[%clk 01:19:07]} {[%emt 00:00:05]} Bxg5 {[%clk 01:14:43]}
{[%emt 00:00:36]} 13. Rg4 {[%clk 01:19:19]} {[%emt 00:00:20]} Bxc1 {[%clk
01:14:25]} {[%emt 00:00:49]} 14. Qxc1 {[%clk 01:19:42]} {[%emt 00:00:08]} d5
{[%clk 01:13:58]} {[%emt 00:00:56]} 15. Rg3 {[%clk 01:19:45]} {[%emt 00:00:27]}
dxc4 {[%clk 01:14:12]} {[%emt 00:00:15]} 16. Qh6 {[%clk 01:20:09]} {[%emt
00:00:07]} g6 {[%clk 01:13:59]} {[%emt 00:00:43]} 17. Re1 {[%clk 01:20:04]}
{[%emt 00:00:34]} Nxd4 {[%clk 01:14:11]} {[%emt 00:00:19]} 18. Re4 {[%clk
01:20:22]} {[%emt 00:00:10]} Nf5 {[%clk 01:14:28]} {[%emt 00:00:14]} 19. Qf4
{[%clk 01:20:25]} {[%emt 00:00:28]} Nxg3 {[%clk 01:14:41]} {[%emt 00:00:16]}
20. Qxg3 {[%clk 01:20:49]} {[%emt 00:00:06]} Qd1+ {[%clk 01:14:49]} {[%emt
00:00:23]} 21. Re1 {[%clk 01:20:29]} {[%emt 00:00:50]} Qxe1# {[%clk 01:15:13]}
{[%emt 00:00:06]} 0-1

[Event "DEM U10w 2024"]
[Site "Willingen GER"]
[Date "2024.05.25"]
[Round "11"]
[White "Goyush, Shams"]
[Black "Shynkar, Daria"]
[Result "1/2-1/2"]
[Termination "normal"]
[Board "1"]
[WhiteElo "996"]
[BlackElo "1661"]
[WhiteClock "00:30:14"]
[BlackClock "00:52:36"]
[PlyCount "47"]
[BlackFideId "34163212"]
[EventCountry "GER"]
[EventRounds "11"]
[EventType "swiss"]
[EventDate "2024.05.18"]

1. e4 {[%clk 01:15:58]} c5 {[%clk 01:15:57]} {[%emt 00:00:03]} 2. c3 {[%clk
01:16:23]} {[%emt 00:00:05]} d5 {[%clk 01:16:24]} {[%emt 00:00:04]} 3. exd5
{[%clk 01:16:42]} {[%emt 00:00:10]} Qxd5 {[%clk 01:16:47]} {[%emt 00:00:07]} 4.
d4 {[%clk 01:17:03]} {[%emt 00:00:08]} Nf6 {[%clk 01:17:08]} {[%emt 00:00:10]}
5. Nf3 {[%clk 01:17:19]} {[%emt 00:00:13]} Bg4 {[%clk 01:17:33]} {[%emt
00:00:06]} 6. Be2 {[%clk 01:17:39]} {[%emt 00:00:10]} e6 {[%clk 01:17:48]}
{[%emt 00:00:15]} 7. O-O {[%clk 01:17:24]} {[%emt 00:00:44]} Nc6 {[%clk
01:18:10]} {[%emt 00:00:08]} 8. h3 {[%clk 01:17:23]} {[%emt 00:00:31]} Bh5
{[%clk 01:18:35]} {[%emt 00:00:05]} 9. Be3 {[%clk 01:11:51]} {[%emt 00:06:02]}
cxd4 {[%clk 01:18:55]} {[%emt 00:00:12]} 10. cxd4 {[%clk 01:11:56]} {[%emt
00:00:23]} Be7 {[%clk 01:19:13]} {[%emt 00:00:12]} 11. Nc3 {[%clk 01:12:12]}
{[%emt 00:00:14]} Qd6 {[%clk 01:19:33]} {[%emt 00:00:06]} 12. Nb5 {[%clk
01:10:35]} {[%emt 00:02:11]} Qb8 {[%clk 01:19:06]} {[%emt 00:00:52]} 13. Qc1
{[%clk 01:09:09]} {[%emt 00:02:01]} Nd5 {[%clk 01:14:36]} {[%emt 00:05:00]} 14.
Re1 {[%clk 01:07:37]} {[%emt 00:02:02]} Nxe3 {[%clk 01:13:40]} {[%emt
00:01:26]} 15. fxe3 {[%clk 01:07:03]} {[%emt 00:01:03]} O-O {[%clk 01:13:56]}
{[%emt 00:00:16]} 16. Nc3 {[%clk 00:52:08]} {[%emt 00:15:25]} Rc8 {[%clk
01:12:39]} {[%emt 00:01:45]} 17. Nd2 {[%clk 00:36:38]} {[%emt 00:16:02]} Bxe2
{[%clk 01:11:49]} {[%emt 00:01:20]} 18. Rxe2 {[%clk 00:36:37]} {[%emt
00:00:30]} Bg5 {[%clk 01:09:24]} {[%emt 00:02:54]} 19. Qf1 {[%clk 00:34:30]}
{[%emt 00:02:38]} Ne7 {[%clk 01:04:42]} {[%emt 00:05:04]} 20. Nde4 {[%clk
00:32:10]} {[%emt 00:02:59]} Bh6 {[%clk 01:04:34]} {[%emt 00:00:31]} 21. Qf3
{[%clk 00:31:52]} {[%emt 00:00:54]} b6 {[%clk 00:54:48]} {[%emt 00:10:18]} 22.
Rf1 {[%clk 00:31:35]} {[%emt 00:00:45]} Rf8 {[%clk 00:54:09]} {[%emt 00:01:09]}
23. Nb5 {[%clk 00:30:50]} {[%emt 00:01:16]} f5 {[%clk 00:52:36]} {[%emt
00:02:03]} 24. Nec3 {[%clk 00:30:14]} {[%emt 00:01:05]} 1/2-1/2

[Event "DEM U10w 2024"]
[Site "Willingen GER"]
[Date "2024.05.25"]
[Round "11"]
[White "Chen, Yuefan"]
[Black "Elsayed Esam, Sally"]
[Result "1-0"]
[Termination "normal"]
[Board "2"]
[WhiteElo "1682"]
[BlackElo "1584"]
[WhiteClock "00:26:12"]
[BlackClock "00:18:53"]
[PlyCount "85"]
[WhiteFideId "34653910"]
[BlackFideId "34662170"]
[EventCountry "GER"]
[EventRounds "11"]
[EventType "swiss"]
[EventDate "2024.05.18"]

1. d4 {[%clk 01:15:58]} {[%emt 00:00:01]} d5 {[%clk 01:15:50]} {[%emt
00:00:11]} 2. c4 {[%clk 01:16:23]} {[%emt 00:00:06]} c6 {[%clk 01:16:15]}
{[%emt 00:00:04]} 3. e3 {[%clk 01:16:49]} {[%emt 00:00:04]} Nf6 {[%clk
01:16:36]} {[%emt 00:00:09]} 4. Nc3 {[%clk 01:17:13]} {[%emt 00:00:06]} a6
{[%clk 01:16:38]} {[%emt 00:00:29]} 5. Bd3 {[%clk 01:16:39]} {[%emt 00:01:03]}
Bg4 {[%clk 01:15:30]} {[%emt 00:01:37]} 6. f3 {[%clk 01:16:38]} {[%emt
00:00:31]} Bh5 {[%clk 01:15:51]} {[%emt 00:00:09]} 7. cxd5 {[%clk 01:15:03]}
{[%emt 00:02:06]} cxd5 {[%clk 01:15:48]} {[%emt 00:00:33]} 8. Qb3 {[%clk
01:13:49]} {[%emt 00:01:44]} b5 {[%clk 01:13:53]} {[%emt 00:02:25]} 9. Bd2
{[%clk 01:08:11]} {[%emt 00:06:09]} e6 {[%clk 01:13:30]} {[%emt 00:00:53]} 10.
Nge2 {[%clk 01:07:10]} {[%emt 00:01:31]} Bd6 {[%clk 01:12:58]} {[%emt
00:01:02]} 11. e4 {[%clk 01:04:36]} {[%emt 00:03:03]} dxe4 {[%clk 01:10:10]}
{[%emt 00:03:19]} 12. fxe4 {[%clk 01:04:38]} {[%emt 00:00:28]} e5 {[%clk
01:05:10]} {[%emt 00:05:30]} 13. d5 {[%clk 01:00:20]} {[%emt 00:04:48]} Bc5
{[%clk 01:03:23]} {[%emt 00:02:17]} 14. Ng3 {[%clk 00:57:39]} {[%emt 00:03:11]}
Bg6 {[%clk 01:03:07]} {[%emt 00:00:46]} 15. h3 {[%clk 00:52:34]} {[%emt
00:05:34]} Nbd7 {[%clk 01:02:18]} {[%emt 00:01:19]} 16. O-O-O {[%clk 00:51:21]}
{[%emt 00:01:43]} Rc8 {[%clk 01:00:56]} {[%emt 00:01:53]} 17. Kb1 {[%clk
00:50:13]} {[%emt 00:01:38]} b4 {[%clk 00:59:53]} {[%emt 00:01:33]} 18. Na4
{[%clk 00:47:47]} {[%emt 00:02:56]} a5 {[%clk 00:59:39]} {[%emt 00:00:44]} 19.
Rc1 {[%clk 00:45:26]} {[%emt 00:02:51]} O-O {[%clk 00:58:50]} {[%emt 00:01:18]}
20. Rhf1 {[%clk 00:43:58]} {[%emt 00:01:59]} Bd4 {[%clk 00:50:25]} {[%emt
00:08:55]} 21. Nf5 {[%clk 00:39:56]} {[%emt 00:04:32]} Bxf5 {[%clk 00:49:39]}
{[%emt 00:01:16]} 22. Rxf5 {[%clk 00:38:07]} {[%emt 00:02:18]} Rxc1+ {[%clk
00:46:27]} {[%emt 00:03:41]} 23. Bxc1 {[%clk 00:37:52]} {[%emt 00:00:45]} Nb6
{[%clk 00:45:34]} {[%emt 00:01:23]} 24. Nxb6 {[%clk 00:37:22]} {[%emt
00:01:01]} Qxb6 {[%clk 00:45:57]} {[%emt 00:00:07]} 25. Bg5 {[%clk 00:35:38]}
{[%emt 00:02:14]} Nd7 {[%clk 00:44:13]} {[%emt 00:02:13]} 26. Be7 {[%clk
00:34:46]} {[%emt 00:01:22]} Rc8 {[%clk 00:38:13]} {[%emt 00:06:29]} 27. d6
{[%clk 00:31:17]} {[%emt 00:04:00]} Nf6 {[%clk 00:35:32]} {[%emt 00:03:10]} 28.
Bxf6 {[%clk 00:30:44]} {[%emt 00:01:04]} gxf6 {[%clk 00:35:49]} {[%emt
00:00:12]} 29. Rxf6 {[%clk 00:30:24]} {[%emt 00:00:51]} Rf8 {[%clk 00:35:46]}
{[%emt 00:00:34]} 30. Bc4 {[%clk 00:28:43]} {[%emt 00:02:11]} Qa7 {[%clk
00:31:56]} {[%emt 00:04:19]} 31. Qg3+ {[%clk 00:25:27]} {[%emt 00:03:46]} Kh8
{[%clk 00:32:10]} {[%emt 00:00:16]} 32. Qf3 {[%clk 00:24:16]} {[%emt 00:01:41]}
Kg8 {[%clk 00:31:33]} {[%emt 00:01:07]} 33. Qg4+ {[%clk 00:23:13]} {[%emt
00:01:34]} Kh8 {[%clk 00:31:45]} {[%emt 00:00:17]} 34. d7 {[%clk 00:22:54]}
{[%emt 00:00:50]} Rg8 {[%clk 00:18:49]} {[%emt 00:13:25]} 35. Qxg8+ {[%clk
00:23:05]} {[%emt 00:00:19]} Kxg8 {[%clk 00:19:06]} {[%emt 00:00:12]} 36. d8=Q+
{[%clk 00:23:30]} {[%emt 00:00:05]} Kg7 {[%clk 00:19:11]} {[%emt 00:00:23]} 37.
Rxf7+ {[%clk 00:23:55]} {[%emt 00:00:07]} Qxf7 {[%clk 00:19:09]} {[%emt
00:00:33]} 38. Bxf7 {[%clk 00:24:20]} {[%emt 00:00:05]} Kxf7 {[%clk 00:19:23]}
{[%emt 00:00:15]} 39. Qxa5 {[%clk 00:24:42]} {[%emt 00:00:08]} Kf6 {[%clk
00:19:21]} {[%emt 00:00:32]} 40. Qxb4 {[%clk 00:25:06]} {[%emt 00:00:06]} Kg5
{[%clk 00:18:42]} {[%emt 00:01:07]} 41. a4 {[%clk 00:25:27]} {[%emt 00:00:11]}
Kf4 {[%clk 00:18:34]} {[%emt 00:00:37]} 42. Qf8+ {[%clk 00:25:45]} {[%emt
00:00:12]} Kxe4 {[%clk 00:18:53]} {[%emt 00:00:11]} 43. Qf3# {[%clk 00:26:12]}
{[%emt 00:00:04]} 1-0